000 00752nam a2200205Ia 4500
003 GCL
008 140319s9999 xx 000 0 ara d
040 _aGCL /
_cGCL
082 0 4 _a070.962
_bل ح
100 1 _aليلى عبدالمجيد
245 1 0 _aحرية الصحافة فى مصر بين التشريع والتطبيق 1952 - 1974 /
_cليلى عبدالمجيد
260 _aالقاهرة :
_bالعربى للنشر والتوزيع
300 _a142 ص ؛
_c24 سم
490 _aالهيئة العامة للاستعلامات
_v0
650 0 4 _aالصحافة المصرية
650 0 4 _aالصحافة
650 0 4 _aالصحافة - تاريخ
650 0 4 _aالصحافة - الجوانب السياسية
942 _2ddc
_cBK
999 _c48017
_d48017